<?xml version="1.0" encoding="UTF-8"?>
<collection xmlns="http://www.loc.gov/MARC21/slim">
  <record>
    <leader>00000nam  2200000   4500</leader>
    <controlfield tag="001">INLIS000000000016826</controlfield>
    <controlfield tag="005">20240205033259</controlfield>
    <datafield tag="035" ind1="#" ind2="#">
      <subfield code="a">0010-0224000043</subfield>
    </datafield>
    <controlfield tag="007">ta</controlfield>
    <controlfield tag="008">240205################|##########|#|##</controlfield>
    <datafield tag="084" ind1="#" ind2="#">
      <subfield code="a">R 004 LATSAR 2022</subfield>
    </datafield>
    <datafield tag="100" ind1=" " ind2="#">
      <subfield code="a">Salma Kinayu Puspanagari</subfield>
    </datafield>
    <datafield tag="245" ind1="1" ind2="#">
      <subfield code="a">Penyempurnaan Standar Operasional Prosedur Administrasi Pemerintahan Unit Keuangan ANRI Dengan Menyesuaikan Peraturan Terbaru dan Penggunaan Aplikasi SAKTI /</subfield>
      <subfield code="c">Salma Kinayu Puspanagari</subfield>
    </datafield>
    <datafield tag="260" ind1="#" ind2="#">
      <subfield code="a">Jakarta :</subfield>
      <subfield code="b">Pusbangkader,</subfield>
      <subfield code="c">2022</subfield>
    </datafield>
    <datafield tag="300" ind1="#" ind2="#">
      <subfield code="a">100 halaman ;</subfield>
      <subfield code="c">30 cm</subfield>
    </datafield>
    <datafield tag="650" ind1="#" ind2="4">
      <subfield code="a">SOP Administrasi</subfield>
    </datafield>
    <datafield tag="650" ind1="#" ind2="4">
      <subfield code="a">Aplikasi SAKTI</subfield>
    </datafield>
    <datafield tag="520" ind1="#" ind2="#">
      <subfield code="a">Isu yang diangkat adalah (1) belum diperbaharui SOP Administrasi Pemerintah (SOP AP) Unit Keuangan; (2) Kurangnya mutakhir petunjuk pelaksanaan APBN di lingkungan ANRI dengan peraturan terbaru; (3) belum optimalnya pengurusan administrasi perjalanan dinas. Terdapatnya dinamika perubahan  peraturan tentang keuangan yang cukup dinamis, khususnya peralihan penggunaan aplikasi keuangan negara dari  SAS, SIMAK BMN, Pesediaan dan sebagainya menjadi hanya satu aplikasi yakni SAKTI. Penyebab lain yang menyebabkan terjadinya isu tersebut adalah adanya perbedaan pemahaman terhadap peraturan terbaru.</subfield>
    </datafield>
    <datafield tag="856" ind1="#" ind2="#">
      <subfield code="a">Perpustakaan LAN Pusat</subfield>
    </datafield>
    <datafield tag="990" ind1="#" ind2="#">
      <subfield code="a">24.02.004</subfield>
    </datafield>
  </record>
</collection>
